00320nam a2200145Ia 45000030006000000080041000060400015000471000021000622450034000832500006001172600016001233000006001395460012001450050017001570STCL150530s9999 xx 000 0 und d aSTCLcSTCL aBarnum, R, Susan aBiotechnology an Introduction a2 c2007aDelhi a0 aEnglish20220125170617.0